=LDR 00000nam 2200000 4500 =001 INLIS000000000016646 =005 20130612111919 =008 ***********************************Ind** =035 ##$$0010-061300000016646 =041 ##$$a Ind =082 ##$$a 370.19 =090 ##$$a 370.19, Ahm s =100 ##$$a Ahmadi, H. Abu =245 ##$$a Sisiologi pendidikan, Drs. H. Abu Ahmadi =260 ##$$a 1991 $b Jakarta =300 ##$$a ix, 239 hlm, 21 cm =650 ##$$a Sosiologi Pendidikan =850 ##$$a NBPNMAT